000 01697nam0a2200325 4500
001 RU\NLR\BIBL_A\012162667
005 20191217152105.0
010 _a978-5-8209-1662-5
_9500
021 _aRU
_bКН-П-19-085171
_9КН-П-19-6198
035 _a(NLR Aleph) 012162667
035 _a(RuMoRGB)010156159
090 _a12198695
_c12198695
100 _a20191212d2019 u y0rusy50 ca
101 0 _arus
102 _aRU
105 _aa|||j|||000zy
200 1 _aБотаника
_eнизшие растения
_eучебное пособие
_fМ.В. Нагалевский, А.М. Иваненко, А.Ф. Щербатова
_gМинистерство науки и высшего образования Российской Федерации, Кубанский государственный университет
210 _aКраснодар
_cКубанский государственный университет
_d2019
215 _a101 с.
_cил., табл.
_d21
320 _aБиблиогр.: с. 99-100 (26 назв.)
606 1 _aНизшие растения
_jУчебные издания для высших учебных заведений
_91494395
_3RU\NLR\AUTH\66644790
686 1 _aЕ591я731
700 1 _aНагалевский
_bМ. В.
_gМихаил Владимирович
701 1 _7ca
_8rus
_aИваненко
_bА. М.
_cпедагог, биология
_gАлександр Михайлович
_977379
_3RU\NLR\AUTH\7794453
701 1 _aЩербатова
_bА. Ф.
_gАнна Федоровна
942 _cBOOK
980 _aNBR
980 _aNB